Регионална библиотека "Любен Каравелов" - Русе

[Ай Кю] IQ [DVD видео] (Запис номер 226171)

MARC детайли
000 -Лидер
Контролно поле с фиксирана дължина 00813ngm a2200253 a 4500
003 - Код на организацията, давaща контролен номер
Контролно поле BLK
005 - Дата и час на последна редакция
Контролно поле 20240527154040.0
008 - Елементи от данни с фиксирана дължина
fixed length control field 180410b bul||n||s|||||||| mlbulo|
010 ## - Наследен системен номер
LC control number CDD00007293000
040 ## - Източник на каталожния запис
Идентификатор на билиотеката - собственик на записа BLK
041 ## - Код за език
Код за езика на текст/звукозапис или на отделно заглавие Български
Код за езика КДБФ Български
072 #7 - Код за тематичната категория
Код организация bullib
Код за тематична категория Ф0601
Текст Игрални филми Ф
080 ## - УДК
Текстов определител УДК Комедии
УДК код - определител по УДК 791.221.2
УДК - код + определител 791.221.2
139 ## - Редно поле
Редна дума [Ай Кю] IQ [DVD видео]
Авторски знак Аи - А 37
245 10 - Сведения за заглавието
Заглавие [Ай Кю] IQ [DVD видео]
Редно поле (дума) режисьор Фред Шеписи.
246 11 - Различни форми на заглавието
Паралелно заглавие Коефициент за интелигентност
257 ## - Страна на издаване
Страна на създаване/издаване България
260 ## - Област на издателските данни
Място на издаване, разпространение и проч. София
Година на издаване 1994
300 ## - Физическа характеристика
Страници 92 мин.
Илюстрации и др. цв. форм.
Размери/Мащаб 2.35:1; 12 см
380 ## - Жанр
Жанр Изкуство
852 ## - Местоположение
Форматна сигнатура Цб CD 3382
Част 0
942 ## - АРТИКУЛИ
Вид на библиотечния материал Компактдискове
Скрит в OPAC Не
944 ## - СЪЗДАВАНЕ И РЕДАКЦИЯ на ЗАПИСА
Създаване/Редакция Създаване
Дата на регистрацията/редакция 04.04.2013
Служител, извършил регистрацията/редакцията 30540
Статус, дата на статуса Севдалина Тодорова
999 ## - СИСТЕМНИ КОНТРОЛНИ НОМЕРА
Koha biblionumber 226171
Koha biblioitemnumber 226171
Наличности
Код за отписване Код за изгубен артикул Източник на класификационната схема Код за повреда Коз за рестрикции Код за отдаване Артикулен № Име на библиотеката - собственик Име на библиотеката, в която се намира в момента Статус (Текущо местоположение) Дата на вписване в системата Местоположение - отдел Цена в лева Инвентарен номер Систематично азбучна сигнатура Баркод Номер на екземпляра Цена в евро Служебна бележка Служебен тип на артикула
  Не е изгубен Universal Decimal Classification Не е повреден без рестрикции заемане за дома 398276 Регионална библиотека "Любен Каравелов" Русе Регионална библиотека "Любен Каравелов" Русе Отдел Изкуство - подръчен фонд 2013-04-05 Отдел Изкуство - подръчен фонд 4.00 250000004958 791.221.2/А 37 250000004958 1 2.05 Дост: DA Вид: А N: 4 Дата: 05.04.2013 Съставил: Виолета_Тройчева Компактдискове
Vip Innovations Ltd, Rousse, Bulgaria 2025